Meanings of agriculture : essays in South Asian history and economics (Record no. 41629)

MARC details
000 -LEADER
fixed length control field 00406nam a2200133Ia 4500
082 ## - DEWEY DECIMAL CLASSIFICATION NUMBER
Classification number 338.43.01(5-13)
Item number ROB
245 #0 - TITLE STATEMENT
Title Meanings of agriculture : essays in South Asian history and economics
260 ## - PUBLICATION, DISTRIBUTION, ETC. (IMPRINT)
Place of publication Delhi
Name of publisher Oxford University Press
Year of publication 1996
650 ## - SUBJECT ADDED ENTRY--TOPICAL TERM
Topical Term Economic liberalization
650 ## - SUBJECT ADDED ENTRY--TOPICAL TERM
Topical Term Indian agriculture
700 ## - ADDED ENTRY--PERSONAL NAME
Personal name Robb, Peter
942 ## - ADDED ENTRY ELEMENTS (KOHA)
Koha item type Books
Holdings
Withdrawn status Lost status Damaged status Not for loan Home library Current library Date acquired Cost, normal purchase price Full call number Accession Number Koha item type
        RRII Library RRII Library 16/12/2021 495.00 338.43.01(5-13) ROB 21915 Books